000 00471nam a22001817a 4500
003 PILC
005 20160128140048.0
008 121114t xxu||||| |||| 00| 0 eng d
050 _aPS 3551
_b.B265R58 1967
082 _aFIC Ab2r
_b1967
100 _aAbbott, Sandra
245 _aThe river and the rose
_cSandra Abbott
260 _aNew York
_bThe New American Library Inc.
_c1967
300 _g17.8cm
_a128 pages.
562 _e1
942 _2lcc
_cBK
999 _c1170
_d1170